000 00306nam a22001337a 4500
008 181030b xxu||||| |||| 00| 0 eng d
020 _a9780201771572
041 _aeng
080 _a510
100 _a39
101 _aMAT
245 _aElementary And Intermediate Algebra
_cCarson,T
942 _2udc
_cBK
999 _c51076
_d51076